00501nam a2200169 a 4500008004100000020001800041050001300059100001900072245008100091260005700172300002200229350001000251650002000261650001200281650001600293700002200309170321s2014 ||||||||||||||||| || u a9789351521464 aRD 1 Tay aTaylor, Irving10aRecent advances in surgery 36cEdited By Irving Taylor [and] Colin D Johnson aNew Delhi:bJaypee Brothers Medical publishersc2014 axiii, 220p.: ill. a66.00 aGENERAL SURGERY 0aSURGERY aPERIODICALS aJohnson, D. Colin